Statistics for Taylor Swift's Blank Space

Click here to take the quiz!

General Stats

  • This quiz has been taken 3,108 times
  • The average score is 316 of 405

Answer Stats

Answer % Correct
you
99%
I
99%
you
99%
you
99%
you
99%
I
99%
you
99%
you
99%
you
99%
I
99%
I
99%
you
99%
you
99%
I
99%
I
99%
I
99%
you
99%
I
99%
you
99%
you
99%
I
99%
I
99%
you
99%
you
99%
you
99%
I
99%
I
99%
you
99%
you
99%
you
99%
you
99%
I
99%
you
99%
you
99%
you
99%
you
99%
I
99%
a
97%
a
97%
a
97%
a
97%
a
97%
a
97%
a
97%
a
97%
a
97%
a
97%
a
97%
a
97%
a
97%
a
97%
to
96%
to
96%
to
96%
me
95%
me
95%
go
95%
go
95%
me
95%
be
94%
and
94%
and
94%
be
94%
and
94%
and
94%
and
94%
and
94%
in
94%
and
94%
and
94%
and
94%
be
94%
be
94%
and
94%
in
94%
love
93%
love
93%
love
93%
love
93%
love
93%
love
93%
the
92%
the
92%
the
92%
the
92%
the
92%
the
92%
the
92%
the
92%
the
92%
the
92%
the
92%
the
92%
can
91%
can
91%
can
91%
can
91%
can
91%
your
90%
your
90%
your
90%
your
90%
like
89%
blank
89%
like
89%
it
89%
like
89%
like
89%
Then there's more repetitive stuff. My fingers were tired of typing okay?
89%
show
89%
space
89%
blank
89%
space
89%
show
89%
my
88%
where
88%
things
88%
meet
88%
things
88%
nice
88%
my
88%
my
88%
my
88%
oh
87%
oh
87%
incredible
87%
incredible
87%
been
87%
oh
87%
I'm
86%
I'm
86%
I'm
86%
for
86%
I'm
86%
for
86%
I'm
86%
I'm
86%
I'm
86%
write
85%
game
85%
name
85%
it's
85%
game
85%
that
85%
it's
85%
that
85%
play
85%
it's
85%
baby
85%
baby
85%
baby
85%
on
85%
it's
85%
it's
85%
it's
85%
game
85%
its
85%
it's
85%
write
85%
name
85%
God
84%
got
84%
got
84%
got
84%
got
84%
God
84%
got
84%
got
84%
tell
83%
tell
83%
look
83%
tell
83%
look
83%
tell
83%
tell
83%
tell
83%
at
82%
I'll
82%
I'll
82%
mistake
82%
if
81%
if
81%
so
81%
so
81%
if
81%
so
81%
lovers
81%
face
81%
lovers
81%
lovers
81%
lovers
81%
if
81%
next
81%
forever
80%
magic
80%
down
80%
insane
80%
insane
80%
heaven
80%
insane
80%
down
80%
forever
80%
insane
80%
or
79%
or
79%
gonna
79%
or
79%
could
79%
gonna
79%
or
79%
gonna
79%
gonna
79%
could
79%
of
78%
flames
78%
madness
78%
flames
78%
of
78%
sin
78%
over
78%
of
78%
over
78%
of
78%
ex
77%
pain
77%
ex
77%
pain
77%
ex
77%
when
77%
ex
77%
when
77%
this
76%
list
76%
this
76%
long
76%
this
76%
long
76%
long
76%
make
76%
list
76%
wanna
76%
long
76%
list
76%
list
76%
make
76%
want
75%
they'll
75%
they'll
75%
worth
75%
there
75%
want
75%
they'll
75%
they'll
75%
worth
75%
want
75%
know
74%
know
74%
is
74%
is
74%
know
74%
saw
73%
was
73%
but
73%
but
73%
love's
73%
was
73%
but
73%
good
72%
weekend
72%
magazine
72%
bad
72%
thought
72%
'cause
71%
money
71%
read
71%
tie
71%
'cause
71%
'cause
71%
'cause
71%
'cause
71%
players
70%
suit
70%
players
70%
see
69%
high
69%
say
69%
I've
69%
I've
69%
say
69%
say
69%
say
69%
high
69%
guys
68%
boys
68%
how
68%
boys
68%
leave
67%
with
67%
one
67%
passport
67%
don't
67%
hand
67%
don't
67%
leave
67%
with
67%
leave
67%
with
67%
didn't
66%
didn't
66%
too
66%
new
66%
way
66%
only
66%
too
66%
only
66%
didn't
66%
didn't
66%
way
66%
friends
66%
let's
66%
torture
65%
scar
65%
warn
65%
nasty
65%
scar
65%
nasty
65%
far
65%
far
65%
we're
65%
we're
65%
torture
65%
ends
65%
warn
65%
hey
65%
grab
65%
take
64%
who
64%
take
64%
young
63%
young
63%
about
63%
nightmare
62%
daydream
62%
reckless
62%
reckless
62%
breathless
62%
heard
62%
breathless
62%
dying
62%
come
61%
we'll
61%
rumours
61%
come
61%
we'll
61%
dressed
60%
she
60%
funny
59%
girl
59%
drunk
58%
turn
58%
all
58%
ya
58%
ya
58%
tables
58%
ain't
57%
get
57%
it'll
56%
no
56%
month
56%
fly
56%
it'll
56%
jealousy
56%
queen
56%
what
55%
king
54%
lips
54%
cherry
53%
darling
53%
out
52%
worst
52%
screaming
52%
perfect
52%
lies
52%
yet
52%
crystal
52%
skies
51%
crying
51%
back
51%
garden
51%
rose
51%
time
51%
you're
50%
find
50%
each
49%
thorns
49%
filled
49%
you'll
49%
pretty
48%
kisses
47%
stolen
45%
storms
44%
second
42%
guessing
42%
keep
41%
wait
40%

Score Distribution

Percentile by Number Answered

Percent of People with Each Score

Your Score History

You have not taken this quiz